MARC details
| 000 -LEADER |
| fixed length control field |
03729namaa2200469uu 4500 |
| 001 - CONTROL NUMBER |
| control field |
doab134071 |
| 003 - CONTROL NUMBER IDENTIFIER |
| control field |
oapen |
| 005 - DATE AND TIME OF LATEST TRANSACTION |
| control field |
20260218110449.0 |
| 006 - FIXED-LENGTH DATA ELEMENTS--ADDITIONAL MATERIAL CHARACTERISTICS |
| fixed length control field |
m o d |
| 007 - PHYSICAL DESCRIPTION FIXED FIELD--GENERAL INFORMATION |
| fixed length control field |
cr|mn|---annan |
| 008 - FIXED-LENGTH DATA ELEMENTS--GENERAL INFORMATION |
| fixed length control field |
240213s2024 xx |||||o ||| 0|eng d |
| 020 ## - INTERNATIONAL STANDARD BOOK NUMBER |
| International Standard Book Number |
0418.1.00 |
| 020 ## - INTERNATIONAL STANDARD BOOK NUMBER |
| International Standard Book Number |
9781685711566 |
| 024 7# - OTHER STANDARD IDENTIFIER |
| Standard number or code |
10.53288/0418.1.00 |
| Source of number or code |
doi |
| 040 ## - CATALOGING SOURCE |
| Original cataloging agency |
oapen |
| Transcribing agency |
oapen |
| Modifying agency |
|
| 041 0# - LANGUAGE CODE |
| Language code of text/sound track or separate title |
eng |
| 042 ## - AUTHENTICATION CODE |
| Authentication code |
dc |
| 245 00 - TITLE STATEMENT |
| Title |
Nairobi Becoming |
| Remainder of title |
Security, Uncertainty, Contingency |
| 260 ## - PUBLICATION, DISTRIBUTION, ETC. |
| Place of publication, distribution, etc. |
Brooklyn, NY |
| Name of publisher, distributor, etc. |
punctum books |
| Date of publication, distribution, etc. |
2024 |
| 300 ## - PHYSICAL DESCRIPTION |
| Extent |
1 online resource (353 p.) |
| 336 ## - CONTENT TYPE |
| Content type term |
text |
| Content type code |
txt |
| Source |
rdacontent |
| 337 ## - MEDIA TYPE |
| Media type term |
computer |
| Media type code |
c |
| Source |
rdamedia |
| 338 ## - CARRIER TYPE |
| Carrier type term |
online resource |
| Carrier type code |
cr |
| Source |
rdacarrier |
| 506 0# - RESTRICTIONS ON ACCESS NOTE |
| Standardized terminology for access restriction |
Unrestricted online access |
| Source of term |
star |
| 520 ## - SUMMARY, ETC. |
| Summary, etc. |
Echoing the edgy, disjunctive, ever-emergent city of Nairobi that it explores, Nairobi Becoming: Security, Uncertainty, Contingency strives to be several things-in-the-making. It is a historically and anthropologically minded examination of a shifting cityscape, an experimental, collaborative exercise in curated juxtaposition and assemblage, and an interdisciplinary, subjunctive urban ethnography. It brings together curated interventions by twenty-seven artists, scholars, and writers to trace Nairobi's becoming. Methodologically experimental and multimodal, it seeks to balance an appreciation of Nairobi's fragmented character while also recognizing its contingent coherency. Nairobi Becoming curates an eclectic collection of different voices and interventions to evoke something of the city's manifold guises and historicities - an urban mosaic of partial experiences as well as dawning possibilities for future becomings. Assembling scholarship, literature, creative non-fiction, and visual art, the contributions are arranged around particular themes, while resisting the urge to develop a singular coherent voice. Security - in its various guises - is the linking thread, the point of articulation that connects apparently disparate elements of Nairobi life, from sex work to roadbuilding, goat markets to funerals. Security is here an analytical operator: a concept that refracts the seemingly diverse modalities of life in Nairobi, and, with the related domains of uncertainty and contingency, brings the city's dynamics of fragmentation and coherence to the surface in surprising ways. If confronting Nairobi's will to coherence amidst the strains of fragmentation is the empirical and analytical challenge of Nairobi Becoming, then it is through collaboration and juxtaposition, curation and contrast, and the messiness of assemblage, that this book chimes with the fraught multiplicities of a city-in-the-making. As such, this book is also an exploration of the inevitable tension that exists between curatorial intent and the possibility of allowing each contribution to stand for itself. |
| 540 ## - TERMS GOVERNING USE AND REPRODUCTION NOTE |
| Terms governing use and reproduction |
Creative Commons |
| -- |
https://creativecommons.org/licenses/by-nc-sa/4.0/ |
| -- |
cc |
| Uniform Resource Identifier |
<a href="https://creativecommons.org/licenses/by-nc-sa/4.0/">https://creativecommons.org/licenses/by-nc-sa/4.0/</a> |
| 546 ## - LANGUAGE NOTE |
| Language note |
English |
| 650 #7 - SUBJECT ADDED ENTRY--TOPICAL TERM |
| Topical term or geographic name entry element |
Exhibition catalogues and specific collections |
| Source of heading or term |
bicssc |
| 650 #7 - SUBJECT ADDED ENTRY--TOPICAL TERM |
| Topical term or geographic name entry element |
Kenya |
| Source of heading or term |
bicssc |
| 650 #7 - SUBJECT ADDED ENTRY--TOPICAL TERM |
| Topical term or geographic name entry element |
Social and cultural anthropology |
| Source of heading or term |
bicssc |
| 720 1# - ADDED ENTRY--UNCONTROLLED NAME |
| Name |
Fontein, Joost |
| Relator code |
edt |
| 720 1# - ADDED ENTRY--UNCONTROLLED NAME |
| Name |
Diphoorn, Tessa |
| Relator code |
edt |
| 720 1# - ADDED ENTRY--UNCONTROLLED NAME |
| Name |
Diphoorn, Tessa |
| Relator code |
oth |
| 720 1# - ADDED ENTRY--UNCONTROLLED NAME |
| Name |
Fontein, Joost |
| Relator code |
oth |
| 720 1# - ADDED ENTRY--UNCONTROLLED NAME |
| Name |
Lockwood, Peter |
| Relator code |
edt |
| 720 1# - ADDED ENTRY--UNCONTROLLED NAME |
| Name |
Lockwood, Peter |
| Relator code |
oth |
| 720 1# - ADDED ENTRY--UNCONTROLLED NAME |
| Name |
Smith, Constance |
| Relator code |
edt |
| 720 1# - ADDED ENTRY--UNCONTROLLED NAME |
| Name |
Smith, Constance |
| Relator code |
oth |
| 793 0# - |
| -- |
DOAB Library. |
| 856 ## - ELECTRONIC LOCATION AND ACCESS |
| Uniform Resource Identifier |
<a href="https://docs.google.com/spreadsheets/d/1yKIrdCPDAG_9c22mwoOIO2DOhtj65Wqa/edit?usp=sharing&ouid=106555315294820607512&rtpof=true&sd=true ">https://docs.google.com/spreadsheets/d/1yKIrdCPDAG_9c22mwoOIO2DOhtj65Wqa/edit?usp=sharing&ouid=106555315294820607512&rtpof=true&sd=true </a> |
| Link text |
List of Curated E-Books |
| 942 ## - ADDED ENTRY ELEMENTS (KOHA) |
| Koha item type |
E-Book |